00735nam a2200241 a 450000100060000000300080000600500170001400800410003102000150007203500190008704000260010604100080013208200230014010000170016324500910018025000110027126000560028230000250033850000220036350000460038565100320043170000300046342126BD-RjUL20211209053510.0160609s1990 pk 001 0 eng d a0195774078 a(BD-RjUL)42244 aBD-RjULbengcBD-RjUL aeng a327.5491bBUP 19901 aBurke, S. M.10aPakistan's foreign policy :ban historical analysis /cS. M. Burke amd Lawrence Ziring a2nd ed aKarachi ;aOxford :bOxford University Press,c1990 axii, 498 p. ;c22 cm aPrevious ed. 1973 aBibliography: p. 477-86. - Includes index 0aPakistanxForeign relations1 aZiring, Lawrence,d1928-.